000 00664cam a2200229 4500
001 D2958
008 090401t1962 xxu||||| |||| 00| 0 eng d
035 _a(Sirsi) u71236
041 _aeng
050 _a711.14
100 _aCripps, C.
245 _aCripps on compulsory acquisition of land: powers, procedure and compensation
250 _a11th
260 _aLondon
_bStevens and Sons
_c1962
300 _acv. 1245p. 25cm
350 _a10.5
490 _aSweet and Maxwell Property and Conveyancing Library
_v1
520 _aaccs. no 214126 + supplement, Accs. no 215080 + supplement
700 _aParrish, Harold
942 _n0
948 _c04/03/1997
999 _c95397
_d95397